|
|
|
|
| LEADER |
01074nam a22003252a 4500 |
| 001 |
001380928 |
| 003 |
CZ BrMZK |
| 005 |
20200424085558.0 |
| 007 |
ta |
| 008 |
140414s1962 xr erf||||||||||cze d |
| 015 |
|
|
|a cnb000517928
|
| 035 |
|
|
|a (OCoLC)85337135
|
| 040 |
|
|
|a LIA001
|b cze
|d BOA001
|
| 072 |
|
7 |
|a 669
|x Metalurgie
|2 Konspekt
|9 19
|
| 080 |
|
|
|a 669.1
|2 MRF
|
| 080 |
|
|
|a (035)
|2 MRF
|
| 100 |
1 |
|
|a Mandl, Miroslav
|7 xx0059069
|4 aut
|
| 245 |
1 |
0 |
|a Použití otevřených zářičů v hutnictví železa /
|c Miroslav Mandl, Ivan Kašík, Jaroslav Vršek
|
| 250 |
|
|
|a Vyd. 1.
|
| 260 |
|
|
|a Praha :
|b Státní nakladatelství technické literatury,
|c 1962
|
| 300 |
|
|
|a 178 s.
|
| 504 |
|
|
|a Obsahuje bibliografii
|
| 650 |
0 |
7 |
|a metalurgie železa
|7 ph198775
|2 czenas
|
| 655 |
|
7 |
|a příručky
|7 fd133209
|2 czenas
|
| 700 |
1 |
|
|a Kašík, Ivan
|7 xx0059070
|4 aut
|
| 700 |
1 |
|
|a Vršek, Jaroslav
|7 xx0059071
|4 aut
|
| 910 |
|
|
|a BOA001
|b 2-0467.446
|
| 990 |
|
|
|a BK
|
| 991 |
|
|
|b 201403
|
| 996 |
6 |
|
|b 2619069144
|c 2-0467.446
|l MZK
|r Sklad / do 24 hodin
|n 0
|w 001416032
|u 000010
|a 1
|e BOA001
|j MZK50
|s P
|